Quel front populaire (deforestation édition) - Statistiques

Statistiques générales
  • Ce quiz a été pris 45 fois
  • Le résultat moyen est 6 sur 16
Statistiques - réponses
Par images Réponse % Correct
Omar Sy
83%
Zinedine Zidane
75%
Pep Guardiola
58%
Fabien Barthez
55%
The Rock
53%
Pascal Obispo
43%
Eric Judor
40%
Harry Roselmack
40%
Jason Statham
28%
Bruce Willis
18%
Eric Ciotti
18%
Jerôme Commandeur
18%
Vincent Lagaffe
18%
Jean-Pierre Koff
5%
Jeff Bezos
5%
Britney Spears
3%
Aucun quiz correspondant
Distribution des résultats
% des personnes avec chaque résultat
Percentile par nombre de réponses
Votre historique - résultats
Vous n’avez pas pris ce quiz